000 01212nam a22002657a 4500
999 _c2036
_d2036
003 AR-CdUCM
008 190228b ||||| |||| 00| 0 spa d
020 _a8489303355
040 _aMUNICIPALIDAD PROVINCIAL DEL CUSCO
_cBIBLIOTECA MUNICIPAL DEL CUSCO
082 _a985.008 /
_bR84
100 _aRostworowski de Diez Canseco, María
_97375
245 _aDoña Francisca Pizarro :
_buna ilustre mestiza, 1534-1598 /
260 _aLima :
_bInstituto de Estudios Peruanos,
_c1994.
300 _a162 páginas ;
_c21 cm.
440 _aHistoria andina.
_n14
_97376
505 _aContenido : Quispe Sisa o Inés Huaylas Yupanqui, madre de doña Francisca -- La sublevación de Manco II, el sitio de Los Reyes y la actitud de las mujeres indígenas -- Doña Inés Muñoz --Sus encomiendas -- Primer testamento de doña Francisca -- El viaje a España -- Hernando Pizarro -- Isabel Mercado ...
650 _aBiografía. Pizarro, Francisca
_97377
650 _aTestamento. Pizarro, Francisco, ca.
_97378
650 _aDescubrimiento y Conquista, 1519-1536
_97379
650 _aGenealogía
_9924
650 _aMestizos
_97380
650 _a Guerras civiles, 1537-1555
_97381
942 _2ddc
_cLIBROS
945 _azta